000 00948nam0a2200301 4500
001 RU\NLR\bibl\1854356
005 20260406061743.0
010 _a978-5-90286-13-8
_95000
021 _aRU
_b2011-100190
_97170
035 _a(NLR Aleph) 001844291
090 _a2314697
_c2314697
100 _a20120111d2011 |||y0rusy50 ca
101 0 _arus
102 _aRU
105 _ay |||||||||
200 1 _aЯко с нами Бог
_fС. Лавров
210 _aМосква
_cНеугасимая лампада
_d2011
215 _a64 с.
_d20
300 _aНа обл. авт. не указан
606 1 _aНаука и религия
_91268700
_3RU\NLR\auth\66204187
686 _aЭ212
700 1 _4070
_8rus
_7ca
_aЛавров
_bС.
_cсвященнослужитель
_f1938-
_3RU\NLR\AUTH\7711963
_9121697
801 0 _aRU
_bNLR
_c20120111
_gRCR
801 1 _aRU
_bNLR
_c20120111
942 _cBOOK
980 _aNB
980 _aNBR